000 00406nam a22001577a 4500
008 220214b |||||||| |||| 00| 0 eng d
020 _a0470849576
050 _aQH75
_b.L48
100 _aLeveque, Christian
245 _aBiodiversity
_cChristian Leveque
260 _aEngland
_bJohn Wiley
_c2003
300 _axi, 284p.
650 _aBiodiversity
700 _aMounolou, Jean-Claude
942 _2lcc
_cBK
999 _c19212
_d19211